| 000 | 00659nam a22002177a 4500 | ||
|---|---|---|---|
| 999 |
_c17529 _d17529 |
||
| 008 | 190307b xxu||||| |||| 00| 0 eng d | ||
| 020 | _a0340985120 | ||
| 040 |
_aKABU _cKABU |
||
| 050 |
_aPN59 _b.G67 2010 c. 1 |
||
| 100 | _aGoring, Paul | ||
| 245 |
_aStudying literature _bthe essential companion _cPaul Goring, Jeremy Hawthorn, Domhnall Mitchell |
||
| 250 | _a2nd ed. | ||
| 260 |
_aLondon _bBloomsbury _c2010 |
||
| 300 | _aix, 470 p. | ||
| 650 |
_aLiterature _vStudy and teachings (Higher) |
||
| 650 |
_aLiterature _xTerminology |
||
| 650 | _aCriticism | ||
| 700 | _aHawthorn, Jeremy | ||
| 700 | _aMitchell, Domhnall | ||
| 942 |
_2lcc _cBK _hPN59 |
||